Canciones de RHLM - Estadísticas

Estadísticas generales
  • Esta prueba ha sido intentada 63 veces
  • La puntuación promedio es 6 de 12
Estadísticas de respuestas
Hint Respuesta % Correcto
RHLM Bandolera
68%
RHLM Brindemos
66%
RHLM Na Nuevo
63%
RHLM Naturaleza
63%
RHLM Yeezy
61%
RHLM Quiere Beber
59%
RHLM Modo Avión
56%
RHLM Tú No Lo Amas
46%
RHLM Hipócrita
44%
RHLM Espina
41%
RHLM Pensando en Ti
41%
RHLM Te Necesito
37%
No se encontraron pruebas coincidentes
Distribución de puntuación
Porcentaje de gente con cada puntuación
Porcentaje por número respondido
Historial de tus puntuaciones
No has intentado esta prueba.